| 000 | 00393nam a22001697a 4500 | ||
|---|---|---|---|
| 003 | SGT | ||
| 020 | _a9780323611046 | ||
| 082 |
_a611 _bG20D |
||
| 100 | _aDRAKE, RICHARD L. | ||
| 245 | _aGRAY'S ANATOMY FOR STUDENTS | ||
| 250 | _a4TH | ||
| 260 |
_aPHILADELPHIA _bELSEVIER PUB _c2020 |
||
| 300 | _a1153 | ||
| 650 | _aHUMAN ANATOMY | ||
| 653 | _aGRAY'S ANATOMY FOR STUDENTS | ||
| 942 |
_2ddc _cBK |
||
| 999 |
_c23201 _d23201 |
||